Handbook of BIomedical Instrumentation/ (Record no. 203568)

MARC details
000 -LEADER
fixed length control field 00600nam a22001937a 4500
005 - DATE AND TIME OF LATEST TRANSACTION
control field 20240612164609.0
010 ## - LCCN (DPL NO)
LC control number ENG-140581
020 ## - INTERNATIONAL STANDARD BOOK NUMBER
International Standard Book Number 9789355328021
Terms of availability 1240.00
035 ## - SYSTEM CONTROL NUMBER
System control number EN-124113
037 ## - SOURCE OF ACQUISITION
Source of stock number/acquisition DBAD
082 ## - DEWEY DECIMAL CLASSIFICATION NUMBER
Classification number 610.284
Edition number 3
100 ## - MAIN ENTRY--PERSONAL NAME
Personal name Khanpur, R.S
245 ## - TITLE STATEMENT
Title Handbook of BIomedical Instrumentation/
Statement of responsibility, etc By R.S Khanpur
250 ## - EDITION STATEMENT
Edition statement 3
260 ## - PUBLICATION, DISTRIBUTION, ETC. (IMPRINT)
Place of publication, distribution, etc Chennai
Name of publisher, distributor, etc Mc Graw Hill Education
Date of publication, distribution, etc 2024
270 ## - ADDRESS
Address Anjana Complex NO. 5/90 A, Butt Road, St. Thomas Mount
City Chennai
Postal code 600116
300 ## - PHYSICAL DESCRIPTION
Extent xix,959p.
Dimensions 24cm(pbk)
Other physical details index
942 ## - ADDED ENTRY ELEMENTS (KOHA)
Source of classification or shelving scheme Dewey Decimal Classification
Classification part 610.284
Item type English Books
Call number suffix KHA
Edition 3
Holdings
Withdrawn status Lost status Not for loan Collection code Home library Current library Date acquired Source of acquisition Cost, normal purchase price Full call number Barcode Copy number Cost, replacement price Koha item type
      Non-fiction Central Library Central Library 12/06/2024 DBAD 1240.00 610.284 KHA EN-124113 1 1240.00 English Books

© Delhi Public Library
Hit Counter
free hit counter